Sports Quiz

Random Sports Quiz

2016 Padres Spring Training Roster Quiz Stats

Quiz not verified by Sporcle

Challenge
Share
Tweet
Embed
Score 0/59 Timer 08:00
0 Plays Today
Number Player % Correct
27Matt Kemp
93.4%
3Derek Norris
92.7%
34Andrew Cashner
91.8%
33James Shields
89.6%
38Tyson Ross
89.6%
4Wil Myers
89%
18Austin Hedges
86.4%
26Yangervis Solarte
84.2%
5Alexi Amarista
82.3%
2Melvin Upton
80.8%
15Cory Spangenberg
79.2%
24Jon Jay
78.9%
10Alexei Ramirez
75.4%
56Fernando Rodney
74.4%
59Kevin Quackenbush
68.5%
37Brandon Maurer
67.5%
21Brandon Morrow
65.6%
71Hunter Renfroe
65.3%
16Travis Jankowski
61.5%
50Nick Vincent
58.7%
12Christian Bethancourt
58%
62Jabari Blash
58%
29Colin Rea
54.6%
41Robbie Erlin
53.6%
13Drew Pomeranz
47%
39Brett Wallace
46.1%
1Alex Dickerson
45.1%
70Manuel Margot
43.8%
58Rocky Gale
41.6%
55Skip Schumaker
37.9%
Number Player % Correct
61Luis Perdomo
37.5%
52Blake Smith
35%
60Frank Garces
30%
23Carlos Villanueva
29.7%
63Carlos Asuaje
27.1%
73Jose Pirela
26.5%
43Jon Edwards
25.6%
28Nick Noonan
24.3%
8Jemile Weeks
22.4%
49Josh Martin
21.1%
47Cory Mazzoni
20.8%
9Adam Rosales
20.5%
76Jose Torres
20.5%
77Buddy Baumann
20.2%
11Erik Kratz
18.6%
72Jose Rondon
18.3%
53Phlip Humber
17.7%
57Leonel Campos
17%
74Tayron Guerrero
15.5%
75Cesar Vargas
14.2%
79Ryan Buchter
11%
67Jason Hagerty
9.8%
82Carlos Pimentel
8.8%
64Daniel McCutchen
7.6%
85Luis Diaz
7.6%
66Johnny Hellweg
7.3%
78Jose Dominguez
7.3%
83Ryan Schimpf
7.3%
84Martires Arias
6.9%

You're not logged in!

Compare scores with friends on all Sporcle quizzes.
Join for Free
OR
Log In

You Might Also Like...

Show Comments

Extras

Top Quizzes Today


Score Distribution

Your Account Isn't Verified!

In order to create a playlist on Sporcle, you need to verify the email address you used during registration. Go to your Sporcle Settings to finish the process.

Report this User

Report this user for behavior that violates our Community Guidelines.

Details: